00938nam a2200277 a 4500999001300000008004100013020001500054041000800069092001700077100003300094245005400127250001100181260003100192300001100223500000900234590003700243653001400280653004500294653001800339653002600357653004400383653004100427653004500468942001200513952013500525 c879d879110726s1993 ag a f |||| 001 0 spa d a9505252072 aspa c540l51sMAU1 aMautino, José María9253 aQuímica 5bAula tallercJosé María Mautino  a1a ed. aBuenos AiresbStellac1993 a366 p. aBaja aDonación Cecilia Fontana, 2007 aQuímica aIntroducción a la química orgánica aHidrocarburos aCompuestos oxigenados aMoléculas biológicas: los lípidos aLos glúcidos o hidratos de carbono aLas proteínas y los ácidos nucleicos 2ddccBK 00102ddc405171aBFMbBFMcCRd2011-07-26l1o540 51 MAUp1823r2014-11-06s2011-11-14tej.1w2011-07-26yBKzDado de baja 2012